[Event "Blankenese op 3rd"]
[Site "Hamburg"]
[Date "2019.10.06"]
[Round "7"]
[White "Sommer, Justus"]
[Black "Mi, Gufeng"]
[Result "1-0"]
[WhiteElo "1773"]
[BlackElo "1550"]
[PlyCount "89"]
[EventDate "2019.10.03"]
[EventType "swiss"]
[EventRounds "7"]
[EventCountry "GER"]
[SourceTitle "EXT 2023"]
[Source "ChessBase"]
[SourceDate "2022.10.05"]
[SourceVersion "1"]
[SourceVersionDate "2022.10.05"]
[SourceQuality "1"]

1. e4 g6 2. d4 Bg7 3. Nf3 d6 4. Nc3 a6 5. a4 b6 6. Bc4 h6 7. 0-0 Bb7 8. Re1 e6 9. Bf4 Ne7 10. Qd2 Nd7 11. h3 e5 12. Be3 Nc6 13. Rad1 Qe7 14. d5 Ncb8 15. b4 Nf6 16. Bd3 Nbd7 17. Ne2 Nf8 18. c4 N8d7 19. Rc1 Rd8 20. Rc2 h5 21. Rec1 0-0 22. Ra1 Rfe8 23. Nc1 Nf8 24. Nb3 N8h7 25. Rac1 Bc8 26. c5 bxc5 27. bxc5 h4 28. Na5 Bd7 29. cxd6 cxd6 30. Rc7 Qf8 31. Nc6 Rc8 32. Rxc8 Rxc8 33. Bxa6 Nxe4 34. Qc2 Nef6 35. Bxc8 Bxc8 36. Qc4 e4 37. Nfd4 Bd7 38. a5 Nh5 39. a6 Kh8 40. a7 Qc8 41. Qb4 Qa6 42. Qb8+ Bf8 43. a8Q Qd3 44. Qxf8+ Nxf8 45. Qxf8+ 1-0

[Event "Blankenese op 2nd"]
[Site "Hamburg"]
[Date "2018.10.02"]
[Round "6.35"]
[White "Nacke, Lars"]
[Black "Mi, Gufeng"]
[Result "0-1"]
[WhiteElo "1817"]
[BlackElo "1485"]
[PlyCount "94"]
[EventDate "2018.09.29"]
[EventType "swiss"]
[EventRounds "7"]
[EventCountry "GER"]
[SourceTitle "EXT 2020"]
[Source "ChessBase"]
[SourceDate "2019.10.17"]
[SourceVersion "1"]
[SourceVersionDate "2019.10.17"]
[SourceQuality "1"]

1. d4 Nf6 2. c4 g6 3. Nf3 d5 4. g3 c6 5. cxd5 cxd5 6. Bg2 Bg7 7. Nc3 Nc6 8. 0-0 0-0 9. e3 Bg4 10. Qa4 Re8 11. h3 Bxf3 12. Bxf3 e5 13. Bd2 e4 14. Be2 a6 15. Rfc1 Qd7 16. Kg2 h5 17. Qd1 Nh7 18. f4 f5 19. a4 Nf6 20. Qf1 Kh7 21. a5 Rg8 22. Na4 Raf8 23. Rc2 Rf7 24. Nb6 Qd8 25. Rac1 Bf8 26. h4 Ng4 27. Bxa6 Bb4 28. Qe2 Bxd2 29. Qxd2 Nxa5 30. Qxa5 Nxe3+ 31. Kf2 Nxc2 32. Rxc2 bxa6 33. Rc5 Qf6 34. Rxd5 Rd8 35. Ke3 Rxd5 36. Qxd5 Qe7 37. Nc4 Qb7 38. Qe6 Qe7 39. Qb6 Qc7 40. Qxa6 Qb7 41. Qa4 Qa7 42. Qe8 Rg7 43. Qe6 Qa1 44. Kf2 Qd1 45. Qe5 Qf3+ 46. Ke1 Qxg3+ 47. Kd2 Qd3+ 0-1

[Event "Blankenese op 1st"]
[Site "Hamburg"]
[Date "2017.10.03"]
[Round "1.31"]
[White "Kotyk, Michael"]
[Black "Mi, Gufeng"]
[Result "0-1"]
[WhiteElo "1972"]
[BlackElo "1481"]
[PlyCount "108"]
[EventDate "2017.09.30"]
[EventType "swiss"]
[EventRounds "7"]
[EventCountry "GER"]
[SourceTitle "EXT 2020"]
[Source "ChessBase"]
[SourceDate "2019.10.17"]
[SourceVersion "1"]
[SourceVersionDate "2019.10.17"]
[SourceQuality "1"]

1. e4 g6 2. h4 h6 3. d4 Bg7 4. Nf3 d6 5. Bc4 e6 6. Qe2 Ne7 7. c3 a6 8. a4 b6 9. Na3 Bb7 10. e5 d5 11. Bd3 Nd7 12. g4 c5 13. h5 g5 14. Nh2 cxd4 15. cxd4 Nc6 16. Nc2 Bf8 17. f4 Be7 18. f5 Nf8 19. 0-0 Qd7 20. fxe6 Nxe6 21. Be3 Rf8 22. Rf2 a5 23. Nf3 Nf4 24. Bxf4 Qxg4+ 25. Bg3 Qxg3+ 26. Rg2 Qh3 27. Nd2 Qd7 28. Rf1 Nd8 29. Ne3 Ne6 30. Nf5 Kd8 31. Bb5 Bc6 32. Bxc6 Qxc6 33. Rg3 Nf4 34. Qd1 Rc8 35. Rc3 Qe6 36. Rxc8+ Qxc8 37. Nxh6 Qh3 38. Qf3 Qd7 39. Ng4 Qxa4 40. h6 Qxd4+ 41. Qe3 Qxb2 42. Kh1 Bc5 43. Qe1 Qc3 44. Rf3 Qc2 45. Ne3 Qg6 46. Ng4 Qh5+ 47. Nh2 Qxh6 48. Ndf1 Rh8 49. Qd2 Qc6 50. Qa2 d4 51. Nd2 d3 52. Qxf7 Rxh2+ 53. Kxh2 Qh6+ 54. Rh3 Qxh3# 0-1

[Event "Blankenese op 1st"]
[Site "Hamburg"]
[Date "2017.10.01"]
[Round "4.26"]
[White "Mi, Gufeng"]
[Black "Herlan, Klaus Juergen"]
[Result "0-1"]
[WhiteElo "1469"]
[BlackElo "1948"]
[PlyCount "122"]
[EventDate "2017.09.30"]
[EventType "swiss"]
[EventRounds "7"]
[EventCountry "GER"]
[SourceTitle "EXT 2020"]
[Source "ChessBase"]
[SourceDate "2019.10.17"]
[SourceVersion "1"]
[SourceVersionDate "2019.10.17"]
[SourceQuality "1"]

1. Nf3 Nf6 2. g3 d5 3. Bg2 c5 4. d3 Nc6 5. 0-0 e6 6. Nbd2 Be7 7. e4 0-0 8. e5 Nd7 9. Re1 Qc7 10. Qe2 b6 11. Nf1 Ba6 12. Bf4 Rfd8 13. h4 Rac8 14. Rad1 Nd4 15. Nxd4 cxd4 16. Rc1 Qc6 17. Qg4 Bf8 18. Bg5 Re8 19. Qxd4 Qc5 20. Qg4 Qb5 21. b3 Qb4 22. d4 Nb8 23. Ne3 Nc6 24. Rcd1 Qc3 25. h5 Nb4 26. Kh2 Nxc2 27. Nxc2 Qxc2 28. Rd2 Qc3 29. Red1 Qb4 30. f4 Rc7 31. f5 exf5 32. Qxf5 Bc8 33. Qf4 Be6 34. Rf1 Qb5 35. Rdf2 Qd7 36. Qd2 Rec8 37. Qf4 a5 38. h6 g6 39. Bf6 b5 40. Qd2 Rc3 41. Bg5 b4 42. Rf6 Rc2 43. Qf4 Rxg2+ 44. Kxg2 Bh3+ 45. Kg1 Bxf1 46. Qxf1 Qg4 47. Bf4 Rc2 48. e6 Qh5 49. exf7+ Kh8 50. Bd2 Rxd2 51. Rf2 Rd1 52. Kg2 Rxf1 53. Rxf1 Qe2+ 54. Rf2 Qe4+ 55. Kh2 Qxd4 56. Re2 Qc5 57. Re8 d4 58. Rd8 Qh5+ 59. Kg2 Qxh6 60. Rxd4 Qe3 61. Rf4 Kg7 0-1

[Event "Shijiazhuang op 2nd"]
[Site "Shijiazhuang"]
[Date "2016.08.13"]
[Round "5"]
[White "Zhang, Hanning"]
[Black "Mi, Gufeng"]
[Result "1/2-1/2"]
[WhiteElo "1526"]
[BlackElo "1505"]
[PlyCount "71"]
[EventDate "2016.08.09"]
[EventType "swiss"]
[EventRounds "9"]
[EventCountry "CHN"]
[SourceTitle "CBM 173 Extra"]
[Source "ChessBase"]
[SourceDate "2016.08.29"]
[SourceVersion "1"]
[SourceVersionDate "2016.08.29"]
[SourceQuality "1"]

1. d4 d6 2. e4 Nf6 3. Nc3 c6 4. Nf3 Qa5 5. Bd2 e5 6. Bc4 Bg4 7. dxe5 dxe5 8. h3 Bxf3 9. Qxf3 Qc7 10. 0-0-0 b5 11. Bb3 Be7 12. g4 0-0 13. g5 Nfd7 14. g6 hxg6 15. h4 Nc5 16. h5 Nxb3+ 17. axb3 g5 18. Qf5 Na6 19. Bxg5 Bxg5+ 20. Qxg5 f6 21. Qf5 Rad8 22. Rdg1 Rf7 23. Rg6 Qd7 24. Qf3 Qd2+ 25. Kb1 Nb4 26. Qd1 Qxd1+ 27. Rxd1 Rxd1+ 28. Nxd1 Rd7 29. Ne3 Kh7 30. Rg1 Kh6 31. Nf5+ Kh7 32. Ne3 Kh6 33. Nf5+ Kh7 34. Ne3 Kh6 35. Nf5+ Kh7 36. Ne3 1/2-1/2

[Event "Shijiazhuang op 2nd"]
[Site "Shijiazhuang"]
[Date "2016.08.09"]
[Round "1"]
[White "Mi, Gufeng"]
[Black "Wang, Shixu"]
[Result "0-1"]
[WhiteElo "1505"]
[BlackElo "2201"]
[PlyCount "78"]
[EventDate "2016.08.09"]
[EventType "swiss"]
[EventRounds "9"]
[EventCountry "CHN"]
[SourceTitle "CBM 173 Extra"]
[Source "ChessBase"]
[SourceDate "2016.08.29"]
[SourceVersion "1"]
[SourceVersionDate "2016.08.29"]
[SourceQuality "1"]

1. d4 Nf6 2. Bf4 e6 3. e3 c5 4. Nf3 Nc6 5. c3 Be7 6. h3 b6 7. Bd3 Bb7 8. Nbd2 Rc8 9. 0-0 0-0 10. Qc2 cxd4 11. exd4 Nb4 12. Qb1 Nxd3 13. Qxd3 d6 14. Rfe1 Qd7 15. Qe2 b5 16. Rac1 a6 17. Nf1 Rfe8 18. Ng3 Bd8 19. Qd3 Qc6 20. c4 bxc4 21. Qf1 Nd5 22. Bd2 Qa4 23. Ne4 Be7 24. Bg5 f6 25. Bd2 Qxa2 26. Ng3 Bf8 27. Bc3 Qa4 28. Re2 Nf4 29. Rd2 Nxh3+ 30. Kh2 Nf4 31. Re1 Bxf3 32. gxf3 d5 33. Re3 Bd6 34. Qg1 Qd7 35. Kh1 e5 36. Nf1 Qh3+ 37. Nh2 exd4 38. Rxe8+ Rxe8 39. Bxd4 Re1 0-1

[Event "Lueneburg op-B"]
[Site "Lueneburg"]
[Date "2015.08.18"]
[Round "4"]
[White "Mi, Gufeng"]
[Black "Wallat, Stephan"]
[Result "0-1"]
[WhiteElo "1383"]
[BlackElo "1690"]
[PlyCount "82"]
[EventDate "2015.08.15"]
[EventType "swiss"]
[EventRounds "9"]
[EventCountry "GER"]
[SourceTitle "EXT 2016"]
[Source "ChessBase"]
[SourceDate "2015.10.08"]
[SourceVersion "1"]
[SourceVersionDate "2015.10.08"]
[SourceQuality "1"]

1. Nf3 Nf6 2. g3 Nc6 3. Bg2 g6 4. 0-0 Bg7 5. d3 0-0 6. Nbd2 d6 7. Rb1 Be6 8. b3 Qd7 9. Bb2 h6 10. e4 Bh3 11. Re1 Bxg2 12. Kxg2 e5 13. h3 Nd8 14. Nf1 Ne6 15. N1h2 Kh7 16. Rh1 Rh8 17. Qd2 Kg8 18. Rbd1 Nh7 19. Qe2 Nhg5 20. h4 Nh7 21. Bc1 Nf6 22. Be3 Nh5 23. Qd2 Nf6 24. h5 g5 25. Nxg5 Nxg5 26. Bxg5 hxg5 27. Qxg5 Rxh5 28. Qd2 Qh3+ 29. Kf3 Qe6 30. Rdg1 d5 31. g4 Rh7 32. g5 Nh5 33. Ng4 Nf4 34. Nh6+ Bxh6 35. gxh6+ Kh8 36. Qa5 Rxh6 37. Qxc7 Rh3+ 38. Rxh3+ Qxh3+ 39. Rg3 Qh1+ 40. Ke3 Qe1+ 41. Kf3 Qe2# 0-1